000 00374nam a22001697a 4500
005 20160616111402.0
008 160616b xxu||||| |||| 00| 0 eng d
020 _a978-81-203-3266-9
041 _aeng
082 _b7930
100 _aHoltz, Shel
_92068
245 _aCorporate Conversation
260 _bPHI
300 _a277
650 _aManagement
_9241
942 _cBK
999 _c2899
_d2898